Pekelná díra. Vzpoura /

Hlavní autor: Herbert, Brian, 1947-
Další autoři: Anderson, Kevin J., 1962-, Chodilová, Dana, 1964-
Jazyk: Čeština
Vydáno: Praha : Baronet, 2015
Vydání: Vydání první
Témata:
Fyzický popis: 575 stran ; 30 cm
Knihy
Uloženo v:
LEADER 01550nam a2200457 i 4500
001 nkc20152754219
003 CZ PrNK
005 20160202145056.0
007 ta
008 151123s2015 xr g 000 f cze
015 |a cnb002754219 
020 |a 978-80-269-0270-6  |q (vázáno) 
035 |a (OCoLC)944217860 
040 |a BOA001  |b cze  |d ABA001  |e rda 
041 1 |a cze  |h eng 
072 7 |a 821.111(73)-3  |x Americká próza  |2 Konspekt  |9 25 
080 |a 821.111(73)-31  |2 MRF 
080 |a (0:82-311.9)  |2 MRF 
100 1 |a Herbert, Brian,  |d 1947-  |7 jn20001103600  |4 aut 
240 1 0 |a Awakening.  |l Česky 
245 1 0 |a Pekelná díra.  |p Vzpoura /  |c Brian Herbert, Kevin J. Anderson ; přeložila: Dana Chodilová 
246 3 0 |a Vzpoura 
250 |a Vydání první 
264 1 |a Praha :  |b Baronet,  |c 2015 
300 |a 575 stran ;  |c 30 cm 
336 |a text  |b txt  |2 rdacontent 
337 |a bez média  |b n  |2 rdamedia 
338 |a svazek  |b nc  |2 rdacarrier 
500 |a Přeloženo z angličtiny 
500 |a Terminologický slovník 
655 7 |a americké romány  |7 fd131796  |2 czenas 
655 7 |a vědecko-fantastické romány  |7 fd133847  |2 czenas 
655 9 |a American fiction  |2 eczenas 
655 9 |a science fiction novels  |2 eczenas 
700 1 |a Anderson, Kevin J.,  |d 1962-  |7 jn20001103601  |4 aut 
700 1 |a Chodilová, Dana,  |d 1964-  |7 xx0017374  |4 trl 
910 2 |a BOA001  |b 1-1356.957 
990 |a BK 
995 |a 01 
991 |b 201601  |c NOV 
996 6 |b 2610655061  |c 1-1356.957  |l MZK  |r Sklad / do 1 hodiny  |n 0  |p p.v.  |w 001538161  |u 000010  |a 1  |e BOA001  |j MZK50  |s P